Mühendislik termodinamiğinin temelleri/ (Record no. 15574)
| 000 -BAŞLIK | |
|---|---|
| Sabit Uzunluktaki Kontrol Alanı | 01570nam a22004577a 4500 |
| 001 - KONTROL NUMARASI | |
| Control Dosyası | 0015612 |
| 003 - KONTROL NUMARASI KİMLİĞİ | |
| Kontrol Alanı | KOHA_MİRAKIL |
| 005 - EN SON İŞLEM TARİHİ ve ZAMANI | |
| Kontrol Alanı | 20260207002036.0 |
| 007 - FİZİKSEL TANIM SABİT ALAN - GENEL BİLGİ | |
| Sabit uzunluklu kontrol alanı | ta |
| 008 - SABİT UZUNLUKTAKİ VERİ ÖGELERİ - GENEL BİLGİ | |
| Sabit Alan | 100325b2001 tu |||gr||||#||||0|tur | |
| 020 ## - ISBN - ULUSLARARASI STANDART KİTAP NUMARASI | |
| Isbn | 9755640266 |
| Kullanılabilirlik koşulları | 0,01 |
| 040 ## - KATALOGLAMA KAYNAĞI | |
| Özgün Kataloglama Kurumu | TR-BiSEU |
| Kataloglama Dili | tur |
| Çeviri Kurumu | TR-BiSEU |
| Açıklama Kuralları | rda |
| 041 0# - DİL KODU | |
| Metin ya da ses kaydının dil kodu | tur |
| 044 ## - YAYINLAYAN/ÜRETEN KURULUŞUN ÜLKE KODU | |
| ISO country code | tu |
| 050 ## - SINIFLAMA ve YER NUMARASI | |
| Sınıflama Numarası | TJ265 |
| Yer Numarası | .Y36 2001 |
| 100 1# - KİŞİ ADI | |
| Yazar Adı (Kişi adı) | Yamankaradeniz, Recep. |
| 245 1# - ESER ADI BİLDİRİMİ | |
| Başlık | Mühendislik termodinamiğinin temelleri/ |
| Sorumluluk Bildirimi | Recep Yamankaradeniz ; Recep Yamankaradeniz. |
| 264 #1 - ÜRERİM, YAYIN, DAĞITIM ve TELİF BİLDİRİMİ | |
| Yayın yeri | Uludağ : |
| Yayınlayan | Uludağ Üniversitesi Güçlendirme Vakfı |
| Yayın tarihi | 2001 |
| 300 ## - FİZİKSEL TANIMLAMA | |
| Sayfa, Cilt vb. | 2 c., 744 sayfa: resimli; 24 cm. |
| 336 ## - İÇERİK TÜRÜ | |
| Content type term | metin |
| Content type code | txt |
| Source | rdacontent |
| 337 ## - MEDYA TÜRÜ | |
| Media type term | aracısız |
| Media type code | n |
| Source | rdamedia |
| 338 ## - TAŞIYICI TÜRÜ | |
| Carrier type term | cilt |
| Carrier type code | nc |
| Source | rdacarrier |
| 490 0# - DİZİ BİLDİRİMİ | |
| Dizi Bildirimi | Uludağ Üniversitesi Güçlendirme Vakfı yayın no. |
| 490 0# - DİZİ BİLDİRİMİ | |
| Dizi Bildirimi | 95, 114. |
| 490 0# - DİZİ BİLDİRİMİ | |
| Dizi Bildirimi | U.Ü.İ.İ. |
| 490 0# - DİZİ BİLDİRİMİ | |
| Dizi Bildirimi | B.F. |
| 490 0# - DİZİ BİLDİRİMİ | |
| Dizi Bildirimi | İşletme İktisadı ve Muhasebe Araştırma ve Uygulama Merkezi yayın no. |
| 490 0# - DİZİ BİLDİRİMİ | |
| Dizi Bildirimi | 96, 115 |
| 500 ## - GENEL NOT | |
| Genel Not | Kaynakça ve dizin var. |
| 650 #0 - KONU BAŞLIĞI EK GİRİŞ - KONU TERİMİ | |
| Konusal terim veya coğrafi ad | Termodinamik. |
| 9 (RLIN) | 1696 |
| 650 #0 - KONU BAŞLIĞI EK GİRİŞ - KONU TERİMİ | |
| Konusal terim veya coğrafi ad | Termodinamik--Problemler, alıştırmalar, vb. |
| 9 (RLIN) | 2572 |
| 650 #0 - KONU BAŞLIĞI EK GİRİŞ - KONU TERİMİ | |
| Konusal terim veya coğrafi ad | Thermodynamics. |
| 9 (RLIN) | 1697 |
| 650 #0 - KONU BAŞLIĞI EK GİRİŞ - KONU TERİMİ | |
| Konusal terim veya coğrafi ad | Thermodynamics--Problems, exercises, etc. |
| 9 (RLIN) | 3553 |
| 830 0# - SERİ EK GİRİŞİ - TEKBİÇİM ESER ADI | |
| Tekbiçim Başlık | Uludağ Üniversitesi Güçlendirme Vakfı yayın no. |
| 9 (RLIN) | 2243 |
| 830 0# - SERİ EK GİRİŞİ - TEKBİÇİM ESER ADI | |
| Tekbiçim Başlık | 95, 114. |
| 9 (RLIN) | 36216 |
| 830 0# - SERİ EK GİRİŞİ - TEKBİÇİM ESER ADI | |
| Tekbiçim Başlık | U.Ü.İ.İ. |
| 9 (RLIN) | 36217 |
| 830 0# - SERİ EK GİRİŞİ - TEKBİÇİM ESER ADI | |
| Tekbiçim Başlık | B.F. |
| 9 (RLIN) | 36218 |
| 830 0# - SERİ EK GİRİŞİ - TEKBİÇİM ESER ADI | |
| Tekbiçim Başlık | İşletme İktisadı ve Muhasebe Araştırma ve Uygulama Merkezi yayın no. |
| 9 (RLIN) | 9334 |
| 830 0# - SERİ EK GİRİŞİ - TEKBİÇİM ESER ADI | |
| Tekbiçim Başlık | 96, 115 |
| 9 (RLIN) | 36219 |
| 942 ## - EK GİRİŞ ÖGELERİ (KOHA) | |
| Source of classification or shelving scheme | Library of Congress Classification |
| Koha item type | Book |
| Materyal Türü | Kalıcı Konum | Mevcut Konum | Raf Yeri | Sınıflandırma Kaynağı | Edinim Bilgisi | Ana Konular | Alt Konular | Yer Numarası | Cilt Bilgisi | Demirbaş Numarası | Fatura Tarihi | Geri Çekilme Durumu | Kayıp Durumu | Hasarlı Durumu | Kredi için değil | Kayıt Tarih | Toplam Ödünçverme | Son Görülme Tarihi | Son Kontrol Tarihi | Genel / Bağış Notu |
|---|---|---|---|---|---|---|---|---|---|---|---|---|---|---|---|---|---|---|---|---|
| Book | Prof. Dr. Azmi Özcan Kütüphanesi | Prof. Dr. Azmi Özcan Kütüphanesi | Birûni Salonu | Library of Congress Classification | Bağış | TEKNOLOJİ | Makine Mühendisliği ve Makineler | TJ265 .Y36 2001 | c.2 | 0015612 | 13/08/2010 | 25/03/2010 | 2 | 05/12/2024 | 05/12/2024 | Genel Bağış |
